[Event "Hamb Einzelmeisterschaft 2024 Kandidaten"]
[Site "Hamburg"]
[Date "2024.05.25"]
[Round "8.1"]
[White "Sell, Eero"]
[Black "Atri, Jamshid"]
[Result "1-0"]
[WhiteElo "1843"]
[BlackElo "1991"]
[PlyCount "63"]
[EventDate "2024.??.??"]
[WhiteTeam "SchVgg Blankenese von 1923 e.V."]
[BlackTeam "Hamburger SK von 1830 eV"]

1. e4 d6 2. d4 Nf6 3. Nc3 e5 4. Nf3 Nbd7 5. Bc4 Be7 6. a4 a5 7. O-O O-O 8. Re1
c6 9. h3 exd4 10. Nxd4 Nc5 11. Qf3 Be6 12. Ba2 Bxa2 13. Rxa2 Re8 14. Ra1 h6 15.
b3 Bf8 16. Ba3 Qb6 17. Rad1 Ncxe4 18. Nxe4 Nxe4 19. Rxe4 Rxe4 20. Qxe4 d5 21.
Qg4 h5 22. Qxh5 Bxa3 23. Nf3 g6 24. Qh4 Bf8 25. Rd4 Bg7 26. Rf4 Re8 27. Ng5
Re1+ 28. Kh2 Qc7 29. g3 Re7 30. Qh7+ Kf8 31. Rxf7+ Rxf7 32. Ne6+ 1-0

[Event "Hamb Einzelmeisterschaft 2024 Kandidaten"]
[Site "Hamburg"]
[Date "2024.05.25"]
[Round "8.2"]
[White "Becker-Bertau, Friedrich"]
[Black "Becker, Thomas"]
[Result "0-1"]
[WhiteElo "1932"]
[BlackElo "1911"]
[PlyCount "90"]
[EventDate "2024.??.??"]
[WhiteTeam "Langenhorner SF 1928"]
[BlackTeam "Volksdorfer SK 1948"]

1. e4 c5 2. Nf3 e6 3. b4 cxb4 4. d4 Nf6 5. Bd3 Be7 6. O-O d5 7. e5 Ne4 8. Qe1
Nc6 9. a3 O-O 10. Bxe4 dxe4 11. Qxe4 Qd5 12. Qxd5 exd5 13. axb4 Nxb4 14. c3 Nd3
15. Ba3 Bxa3 16. Nxa3 Be6 17. Rfd1 Nf4 18. Rd2 Rfc8 19. g3 Rxc3 20. Ng5 Nh3+
21. Nxh3 Bxh3 22. Nb5 Rc6 23. f3 Bd7 24. f4 g6 25. Kf2 a6 26. h4 h5 27. Raa2
Rb8 28. Nd6 b5 29. Ra5 Be6 30. Rb2 Rbb6 31. Ke3 Rc3+ 32. Kf2 b4 33. Ra4 b3 34.
Ra3 Bg4 35. Ne8 Bf5 36. Nf6+ Kg7 37. Ra5 Be4 38. Rc5 Rf3+ 39. Ke2 Rxg3 40. Rc8
Rxf6 41. exf6+ Kxf6 42. Kd1 Bc2+ 43. Ke2 Rg4 44. Rc5 Rxh4 45. Rxd5 Be4 0-1

[Event "Hamb Einzelmeisterschaft 2024 Kandidaten"]
[Site "Hamburg"]
[Date "2024.05.25"]
[Round "8.3"]
[White "Tietz, Bennit"]
[Black "Schwarzman, Isja"]
[Result "0-1"]
[WhiteElo "1896"]
[BlackElo "1875"]
[PlyCount "42"]
[EventDate "2024.??.??"]
[WhiteTeam "Hamburger SK von 1830 eV"]
[BlackTeam "Hamburger SK von 1830 eV"]

1. e4 e5 2. Nf3 Nc6 3. Bc4 Nf6 4. d3 h6 5. c3 d6 6. h3 Be6 7. Bb3 Qd7 8. Be3
Be7 9. Nbd2 Bxb3 10. Qxb3 O-O 11. g4 d5 12. g5 d4 13. gxf6 dxe3 14. fxe7 exd2+
15. Kxd2 Qxe7 16. Rag1 Kh7 17. Rg3 Rad8 18. Rhg1 g6 19. Kc2 Qd6 20. Nh4 Qc5 21.
Rf3 Nd4+ 0-1

[Event "Hamb Einzelmeisterschaft 2024 Kandidaten"]
[Site "Hamburg"]
[Date "2024.05.25"]
[Round "8.4"]
[White "Emami, Madjid"]
[Black "Johanssen, Torsten"]
[Result "0-1"]
[WhiteElo "1937"]
[BlackElo "1906"]
[PlyCount "74"]
[EventDate "2024.??.??"]
[WhiteTeam "Hamburger SK von 1830 eV"]
[BlackTeam "SC Diogenes e.V."]

1. g3 g6 2. Bg2 d5 3. f4 Bg7 4. Nf3 c5 5. O-O Nc6 6. d3 Nf6 7. Nc3 O-O 8. e4 e6
9. e5 Ng4 10. Qe2 a6 11. h3 Nh6 12. g4 Kh8 13. Qf2 b6 14. a3 Rb8 15. Bd2 Ne7
16. Rae1 Bb7 17. Ne2 Rc8 18. Ng5 Qd7 19. Ng3 Ba8 20. Bf3 Rce8 21. h4 Nc6 22. c3
f6 23. exf6 Bxf6 24. Nxe6 Rxe6 25. g5 Rxe1 26. Rxe1 Bg7 27. gxh6 Bxh6 28. f5
Bxd2 29. Qxd2 Qd6 30. Qg2 Ne5 31. d4 Nxf3+ 32. Qxf3 gxf5 33. Kf2 cxd4 34. cxd4
Bc6 35. Re5 Qh6 36. Nxf5 Qf6 37. Ke3 Bd7 0-1

[Event "Hamb Einzelmeisterschaft 2024 Kandidaten"]
[Site "Hamburg"]
[Date "2024.05.25"]
[Round "8.5"]
[White "Laucht, Philipp"]
[Black "Schiller, Thomas"]
[Result "1/2-1/2"]
[WhiteElo "1801"]
[BlackElo "1852"]
[PlyCount "68"]
[EventDate "2024.??.??"]
[WhiteTeam "SK Johanneum Eppendorf"]
[BlackTeam "SK Johanneum Eppendorf"]

1. Nf3 d5 2. g3 Nc6 3. d4 Bf5 4. Bg2 e6 5. O-O Nf6 6. c4 Bd6 7. Nc3 O-O 8. Nh4
Bg6 9. Nxg6 hxg6 10. cxd5 exd5 11. Nxd5 Nxd5 12. Bxd5 Rb8 13. Bxc6 bxc6 14. Qc2
Qd7 15. Be3 Rb5 16. Rab1 Rfb8 17. Rfc1 Qg4 18. Kg2 Rh5 19. h4 Re8 20. Qd3 f5
21. Kf1 f4 22. Bxf4 Qh3+ 23. Ke1 Bxf4 24. Qc4+ Kh8 25. gxf4 Rd5 26. e3 Qh1+ 27.
Ke2 Qe4 28. Qc2 Qxf4 29. Qxg6 Qf8 30. Rc5 Rxc5 31. dxc5 Rd8 32. Qxc6 Qf5 33. e4
Qg4+ 34. Ke3 Rf8 1/2-1/2

[Event "Hamb Einzelmeisterschaft 2024 Kandidaten"]
[Site "Hamburg"]
[Date "2024.05.25"]
[Round "8.6"]
[White "Malchereck, Romeo"]
[Black "Schacht, David"]
[Result "0-1"]
[WhiteElo "1774"]
[BlackElo "1770"]
[PlyCount "82"]
[EventDate "2024.??.??"]
[WhiteTeam "Hamburger SK von 1830 eV"]
[BlackTeam "SchVgg Blankenese von 1923 e.V."]

1. e4 e5 2. Nf3 Nc6 3. Bb5 Nge7 4. O-O g6 5. c3 Bg7 6. d4 exd4 7. cxd4 O-O 8.
Nc3 d5 9. e5 Bg4 10. Be3 Nf5 11. h3 Bxf3 12. gxf3 Qh4 13. Kh2 Ncxd4 14. f4 Nxb5
15. Nxb5 c6 16. Nd4 Nxd4 17. Qxd4 Rfe8 18. Qc5 Bh6 19. Qd4 c5 20. Qxd5 Bxf4+
21. Bxf4 Qxf4+ 22. Kh1 Qxe5 23. Qxb7 Reb8 24. Qc6 Rc8 25. Qb7 Qc7 26. Qb3 Rab8
27. Qc3 Qb7+ 28. Kg1 Qxb2 29. Qa5 Qb6 30. Qd2 Qe6 31. Qc3 Rc7 32. Rab1 Rb6 33.
Rbd1 Qf6 34. Qe3 Kg7 35. Qe8 Re6 36. Qb8 Qg5+ 37. Kh1 Rce7 38. Qb2+ Qe5 39. Qb5
Qe4+ 40. Kg1 Re5 41. Rfe1 Rg5+ 0-1

[Event "Hamb Einzelmeisterschaft 2024 Kandidaten"]
[Site "Hamburg"]
[Date "2024.05.25"]
[Round "8.7"]
[White "Srinath, Manish"]
[Black "Quitzau, Lukas"]
[Result "0-1"]
[WhiteElo "1729"]
[BlackElo "1827"]
[PlyCount "104"]
[EventDate "2024.??.??"]
[WhiteTeam "Hamburger SK von 1830 eV"]
[BlackTeam "Barmbeker SK 1926 eV"]

1. e4 c5 2. Nc3 d6 3. f4 g6 4. Nf3 Bg7 5. Bb5+ Bd7 6. d4 cxd4 7. Nxd4 Nc6 8.
Bxc6 bxc6 9. Nf3 Qb6 10. a4 Nf6 11. a5 Qc5 12. h3 O-O 13. Qd3 Qb4 14. O-O Be6
15. Ra4 Qb7 16. Bd2 Nd7 17. b4 Nf6 18. Rb1 d5 19. g4 dxe4 20. Nxe4 Nxe4 21.
Qxe4 Bd5 22. Qe2 Qb5 23. Qxb5 cxb5 24. Ra3 Rac8 25. Ne1 Be4 26. Ra2 Bd4+ 27.
Kf1 f5 28. Nd3 fxg4 29. hxg4 e5 30. Ke2 Bd5 31. Ra3 Rxc2 32. Nxe5 Rxf4 33. Kd3
Rxd2+ 34. Kxd2 Bxe5 35. g5 Rg4 36. Re1 Bf4+ 37. Kd1 Bxg5 38. Rd3 Bc6 39. Re6
Rc4 40. Rdd6 Bf3+ 41. Ke1 Re4+ 42. Rxe4 Bxe4 43. Rd7 h5 44. Rxa7 Bf6 45. Rc7 h4
46. a6 Bd4 47. a7 h3 48. Re7 h2 49. Rxe4 h1=Q+ 50. Ke2 Qxe4+ 51. Kf1 Qf3+ 52.
Ke1 Bc3# 0-1

[Event "Hamb Einzelmeisterschaft 2024 Kandidaten"]
[Site "Hamburg"]
[Date "2024.05.25"]
[Round "8.8"]
[White "Gehn, Roland"]
[Black "Priess, Holger"]
[Result "1-0"]
[WhiteElo "1934"]
[BlackElo "1789"]
[PlyCount "55"]
[EventDate "2024.??.??"]
[WhiteTeam "SK Union Eimsbuettel eV"]
[BlackTeam "SF Hamburg e.V. 1934"]

1. d4 d5 2. c4 dxc4 3. e4 e6 4. Bxc4 Bb4+ 5. Nc3 Bxc3+ 6. bxc3 Nc6 7. Nf3 Nf6
8. Bd3 h6 9. O-O O-O 10. Qe2 Bd7 11. e5 Nh7 12. Rb1 b6 13. Bxh6 gxh6 14. Qe4 f5
15. exf6 Rf7 16. Qg6+ Kf8 17. Qxh6+ Kg8 18. Bg6 Qf8 19. Bxf7+ Qxf7 20. Ng5 Nxg5
21. Qxg5+ Kh8 22. Rb5 Nxd4 23. Qh4+ Qh7 24. Rh5 Nf3+ 25. gxf3 Rg8+ 26. Kh1 Rg6
27. Rxh7+ Kg8 28. f7+ 1-0